000
00299nam a22001217a 4500
020
_a
0471395382
082
_2
22
_a
609.21
100
_a
Kassinger Ruth.
245
_a
Build a better mousetrap /
260
_b
John wiley and sons, Inc,
_c
c 2002
300
_a
ix,112 p, ;
_b
NA
_c
24 cm.
942
_2
ddc
_c
GEN
999
_c
3879
_d
3879